<?xml version="1.0" encoding="UTF-8"?><?xml-stylesheet type="text/xsl" href="static/style.xsl"?><OAI-PMH xmlns="http://www.openarchives.org/OAI/2.0/" xmlns:xsi="http://www.w3.org/2001/XMLSchema-instance" xsi:schemaLocation="http://www.openarchives.org/OAI/2.0/ http://www.openarchives.org/OAI/2.0/OAI-PMH.xsd"><responseDate>2026-06-05T06:34:53Z</responseDate><request verb="GetRecord" identifier="oai:riuma.uma.es:10630/46750" metadataPrefix="marc">https://riuma.uma.es/rest/oai/request</request><GetRecord><record><header><identifier>oai:riuma.uma.es:10630/46750</identifier><datestamp>2026-05-28T23:45:49Z</datestamp><setSpec>com_10630_2254</setSpec><setSpec>col_10630_37957</setSpec></header><metadata><record xmlns="http://www.loc.gov/MARC21/slim" xmlns:dcterms="http://purl.org/dc/terms/" xmlns:doc="http://www.lyncode.com/xoai" xmlns:xsi="http://www.w3.org/2001/XMLSchema-instance" xsi:schemaLocation="http://www.loc.gov/MARC21/slim http://www.loc.gov/standards/marcxml/schema/MARC21slim.xsd">
   <leader>00925njm 22002777a 4500</leader>
   <datafield ind2=" " ind1=" " tag="042">
      <subfield code="a">dc</subfield>
   </datafield>
   <datafield ind2=" " ind1=" " tag="720">
      <subfield code="a">Velasco Carretero, Manuel</subfield>
      <subfield code="e">author</subfield>
   </datafield>
   <datafield ind2=" " ind1=" " tag="260">
      <subfield code="c">2026</subfield>
   </datafield>
   <datafield ind2=" " ind1=" " tag="520">
      <subfield code="a">La presente tesis doctoral se centra en la optimización de la gestión del enoturismo en España a través de la implementación estratégica de tecnologías digitales y soluciones económicas y legales, buscando un modelo turístico competitivo, sostenible y jurídicamente seguro.

La investigación se basa en una metodología híbrida que integra una exploración cuantitativa (mediante encuestas a entidades del sector), un estudio cualitativo (a través de entrevistas con un comité de expertos) y una investigación participativa (mediante talleres colaborativos), culminando en un proceso de triangulación de resultados para la validación de los hallazgos.

En síntesis, la investigación provee un análisis multidimensional del enoturismo español, proponiendo un modelo de gestión innovador basado en la tecnología, la colaboración y un sólido marco legal, con miras a un futuro sostenible y competitivo.</subfield>
   </datafield>
   <datafield ind1="8" ind2=" " tag="024">
      <subfield code="a">https://hdl.handle.net/10630/46750</subfield>
   </datafield>
   <datafield tag="653" ind2=" " ind1=" ">
      <subfield code="a">Turismo - Tesis doctorales</subfield>
   </datafield>
   <datafield tag="653" ind2=" " ind1=" ">
      <subfield code="a">Enoturismo</subfield>
   </datafield>
   <datafield tag="653" ind2=" " ind1=" ">
      <subfield code="a">Innovaciones tecnológicas</subfield>
   </datafield>
   <datafield tag="653" ind2=" " ind1=" ">
      <subfield code="a">Desarrollo sostenible</subfield>
   </datafield>
   <datafield ind2="0" ind1="0" tag="245">
      <subfield code="a">Hacia la gobernanza de las relaciones empresariales enoturísticas a través de la tecnología.</subfield>
   </datafield>
</record>
</metadata></record></GetRecord></OAI-PMH>